LEADER 00904nam a2200241 i 4500 001 000000057652 003 CaOOAMICUS 005 20220311150745.0 008 070525s1969 it u000 u ita u 013 $a28824 040 $aSeMil$bita 100 1 $aAmoruso, Vito.$0(OLS)http://semarc/name/29337 245 13$aLa letteratura beat americana /$cVito Amoruso. 264 1$aBari :$bLaterza,$c1969. 300 $a203 p. ;$c18 cm. 490 1 $aUniversale Laterza ;$v106 650 4$aLetteratura americana - Sec. 20.$0(OLS)http://semarc/subject/50300 830 0$aUniversale Laterza ;$v106.$0(OLS)http://semarc/title/6923 850 $aSeMil 852 $aSeMil$W1$xVenegono$y1$m1R I 36$j239392$B23806$CSeMilBibl$Z2$F23808 $81 996 $6245$aLa letteratura beat americana$9(OLS)http://semarc/title/89752 996 $6264$aBari :$bLaterza$9(OLS)http://semarc/publisher/29858 LEADER 01118nam a2200265 i 4500 001 000000064594 003 CaOOAMICUS 005 20131129000000.0 008 131129s1979 it u000 u ita u 013 $a35766 040 $aSeMil$bita 100 1 $aCharpentier, Étienne <1930-1981>.$0(OLS)http://semarc/name/89174 240 10$aJeunesse du Vieux Testament : ce Testament toujours nouveau.$0(OLS)http://semarc/title/102313 245 10$aGiovinezza perenne della Bibbia /$cEtienne Charpentier. 260 $aRoma :$bPaoline,$ccopyr. 1979. 300 $a474 p. ;$c22 cm. 490 0 $aAlla scoperta della Bibbia ;$v7 500 $aContiene : Bibliografia ; Tavola storica. 650 4$aBibbia - Introduzioni.$0(OLS)http://semarc/subject/748 830 0$aAlla scoperta della Bibbia ;$v7.$0(OLS)http://semarc/title/6062 850 $aSeMil 852 $aSeMil$W1$xVenegono$y1$m2W II 200$j30747$B30747$CSeMilBibl$Z2$F30750 $81 961 $aOmaggio: Donazione 996 $6245$aGiovinezza perenne della Bibbia$9(OLS)http://semarc/title/102312 996 $6260$aRoma :$bPaoline$9(OLS)http://semarc/publisher/29686